Gaming Quiz

Random Gaming or Pokémon Quiz

First 80 pokemon in order Quiz Stats

 Plays Quiz not verified by Sporcle

Challenge
Share
Tweet
Embed
Score 0/80 Timer 12:00
0 Plays Today
Number Pokemon % Correct
1.Bulbasaur
100%
2.Ivysaur
99%
3.Venusaur
97%
4.Charmander
97%
5.Charmeleon
97%
6.Charizard
97%
7.Squirtle
97%
9.Blastoise
97%
10.Caterpie
97%
11.Metapod
97%
12.Butterfree
97%
13.Weedle
97%
8.Wartortle
96%
14.Kakuna
96%
15.Beedrill
96%
16.Pidgey
95%
17.Pidgeotto
95%
18.Pidgeot
95%
20.Raticate
95%
19.Rattata
94.1%
21.Spearow
94.1%
22.Fearow
94.1%
25.Pikachu
93.1%
26.Raichu
92.1%
27.Sandshrew
90.1%
23.Ekans
88.1%
24.Arbok
88.1%
30.Nidorina
85.1%
31.Nidoqueen
85.1%
33.Nidorino
85.1%
34.Nidoking
85.1%
29.Nidoran
81.2%
32.Nidoran
81.2%
28.Sandslash
80.2%
35.Clefairy
75.2%
36.Clefable
75.2%
39.Jigglypuff
70.3%
40.Wigglytuff
70.3%
37.Vulpix
69.3%
38.Ninetales
69.3%
Number Pokemon % Correct
41.Zubat
67.3%
42.Golbat
67.3%
43.Oddish
67.3%
44.Gloom
67.3%
45.Vileplume
67.3%
46.Paras
67.3%
47.Parasect
67.3%
48.Venonat
63.4%
49.Venomoth
63.4%
52.Meowth
63.4%
53.Persian
63.4%
50.Diglett
60.4%
51.Dugtrio
60.4%
60.Poliwag
60.4%
61.Poliwhirl
60.4%
62.Poliwrath
60.4%
63.Abra
60.4%
65.Alakazam
60.4%
64.Kadabra
60.4%
54.Psyduck
59.4%
55.Golduck
59.4%
56.Mankey
58.4%
57.Primeape
58.4%
66.Machop
58.4%
67.Machoke
58.4%
68.Machamp
58.4%
69.Bellsprout
58.4%
70.Weepinbell
58.4%
71.Victreebel
58.4%
74.Geodude
57.4%
75.Graveler
57.4%
76.Golem
57.4%
58.Growlithe
56.4%
59.Arcanine
56.4%
72.Tentacool
56.4%
73.Tentacruel
56.4%
77.Ponyta
49.5%
78.Rapidash
49.5%
79.Slowpoke
48.5%
80.Slowbro
48.5%

You're not logged in!

Compare scores with friends on all Sporcle quizzes.
OR
Log In

You Might Also Like...

Show Comments

Extras

Created Oct 4, 2012ReportNominate
Tags:Pokémon Quiz, order

Top Quizzes Today


Score Distribution

Your Account Isn't Verified!

In order to create a playlist on Sporcle, you need to verify the email address you used during registration. Go to your Sporcle Settings to finish the process.

Report this User

Report this user for behavior that violates our Community Guidelines.

Details: